Madrasas and The Making of Islamic Womanhood (Record no. 21688)

MARC details
000 -LEADER
fixed length control field 00318nam a22001337a 4500
020 ## - INTERNATIONAL STANDARD BOOK NUMBER
ISBN 0199484228
082 ## - DEWEY DECIMAL CLASSIFICATION NUMBER
Classification number 297,7 BOR
100 ## - MAIN ENTRY--AUTHOR NAME
Author name Borker, Hem
245 ## - TITLE STATEMENT
Title Madrasas and The Making of Islamic Womanhood
260 ## - PUBLICATION, DISTRIBUTION, ETC. (IMPRINT)
Place of publication New Delhi
Name of publisher Oxford University Press
Year of publication 2018
300 ## - PHYSICAL DESCRIPTION
Number of Pages 326
650 ## - SUBJECT ADDED ENTRY--TOPICAL TERM
Topical Term Madrasas
942 ## - ADDED ENTRY ELEMENTS (KOHA)
Koha item type Books
Holdings
Collection code Home library Current library Shelving location Date acquired Source of acquisition Cost, normal purchase price Full call number Accession Number Koha item type
Non-fiction Henry Martyn Institute Library Henry Martyn Institute Library General stacks 09/24/2018 Kohinoor Book Distributors 1195.00 297,7 BOR 25531 Books
                   Copyright © 2026 | Henry Martyn Institute | Hyderabad | TS-500052 | INDIA | Implemented by hmi.edu.in
Hit-Count:

Powered by Koha